José Martí y la soberanía monetaria /
El artículo expone las principales ideas de José Martí, en relación con la propuesta del gobierno de los Estados Unidos planteada a los países hispanoamericanos de formar una unión monetaria. También se expone los elementos históricos, entre 1978 y 1900, del sistema monetario estadounidense....
Enregistré dans:
| Auteur principal: | |
|---|---|
| Autres auteurs: | , |
| Format: | Texte |
| Sujets: | |
| Tags: |
Ajouter un tag
Pas de tags, Soyez le premier à ajouter un tag!
|
MARC
| LEADER | 00000 a a2200000 04500 | ||
|---|---|---|---|
| 001 | 45789 | ||
| 003 | |||
| 040 | |||
| 100 | |a Abarca Hernández, Oriester | ||
| 245 | |a José Martí y la soberanía monetaria / |c Oriester Abarca Hernández, Jorge Bartels Villanueva, Susan Chen Mok | ||
| 520 | |a El artículo expone las principales ideas de José Martí, en relación con la propuesta del gobierno de los Estados Unidos planteada a los países hispanoamericanos de formar una unión monetaria. También se expone los elementos históricos, entre 1978 y 1900, del sistema monetario estadounidense. | ||
| 590 | |a RRH/ABRIL2014 | ||
| 650 | |a 1.UNION MONETARIA | ||
| 650 | |a 2.DINERO | ||
| 650 | |a 3.RELACIONES INTERNACIONALES | ||
| 650 | |a 4.PODER | ||
| 650 | |a 5.COMERCIO INTERNACIONAL | ||
| 650 | |a 6.ESTADOS UNIDOS | ||
| 650 | |a 7.AMERICA LATINA | ||
| 700 | |a Bartels Villanueva, Jorge | ||
| 700 | |a Chen Mok, Susan | ||
| 773 | |g volumen30, número1 ( , 2012), páginas 235-252 | ||
| 999 | |c 27095 |d 27095 | ||
